LDS- I Am a Child of God Lyrics - Statistics

General Stats
  • This quiz has been taken 118 times
  • The average score is 43 of 47
Answer Stats
Lyric % Correct
a
99%
am
99%
child
99%
God,
99%
I
99%
I
99%
of
99%
me
98%
me
98%
me,
98%
me,
98%
me,
98%
me
98%
me
98%
he
94%
an
92%
And
92%
and
92%
the
91%
To
91%
With
90%
with
90%
dear.
89%
earthly
89%
given
89%
has
89%
Has
89%
Help
89%
here,
89%
home
89%
kind
89%
parents
89%
sent
89%
beside
88%
Him
88%
live
88%
Teach
88%
walk
88%
all
87%
find
87%
guide
87%
Lead
87%
someday.
87%
that
87%
way.
87%
do
86%
must
86%
No matching quizzes found
Score Distribution
Percent of People with Each Score
Percentile by Number Answered
Your Score History
You have not taken this quiz